Największe Miejscowości przy danej Drodze Krajowej - Statystyki

Ogólne statystyki
  • Ten quiz został rozwiązany 614 razy
    591 od ostatniego zresetowania
  • Średni wynik to 51 z 97
Statystyki odpowiedzi
Droga Krajowa Odpowiedź % Poprawnych
2 Warszawa
97%
7 Warszawa
97%
8 Warszawa
97%
17 Warszawa
97%
61 Warszawa
97%
79 Warszawa
97%
6 Gdańsk
94%
89 Gdańsk
94%
4 Kraków
94%
44 Kraków
94%
75 Kraków
94%
94 Kraków
94%
5 Wrocław
92%
98 Wrocław
92%
11 Poznań
91%
92 Poznań
91%
3 Szczecin
91%
10 Szczecin
91%
13 Szczecin
91%
31 Szczecin
91%
1 Łódź
90%
14 Łódź
90%
71 Łódź
90%
72 Łódź
90%
91 Łódź
90%
12 Lublin
84%
19 Lublin
84%
82 Lublin
84%
81 Katowice
83%
86 Katowice
83%
25 Bydgoszcz
81%
80 Bydgoszcz
81%
65 Białystok
80%
97 Rzeszów
80%
15 Toruń
79%
16 Olsztyn
77%
51 Olsztyn
77%
53 Olsztyn
77%
27 Zielona Góra
72%
32 Zielona Góra
72%
20 Gdynia
69%
73 Kielce
69%
74 Kielce
69%
9 Radom
68%
22 Gorzów Wielkopolski
67%
45 Opole
65%
43 Częstochowa
61%
46 Częstochowa
61%
60 Płock
50%
62 Płock
50%
52 Bielsko-Biała
48%
78 Gliwice
48%
88 Gliwice
48%
28 Nowy Sącz
40%
87 Nowy Sącz
40%
77 Przemyśl
39%
35 Wałbrzych
39%
30 Jelenia Góra
37%
67 Włocławek
36%
21 Słupsk
35%
55 Grudziądz
32%
95 Grudziądz
32%
36 Lubin
32%
64 Łomża
30%
47 Nowy Targ
28%
49 Nowy Targ
28%
63 Siedlce
28%
93 Świnoujście
27%
33 Kłodzko
22%
40 Kędzierzyn-Koźle
20%
41 Nysa
20%
50 Ciechanów
19%
70 Skierniewice
18%
84 Sanok
17%
83 Sieradz
16%
48 Tomaszów Mazowiecki
11%
59 Mrągowo
10%
29 Słubice
10%
57 Szczytno
10%
58 Szczytno
10%
54 Braniewo
9%
39 Brzeg
9%
85 Nowy Dwór Mazowiecki
9%
76 Łuków
8%
42 Starachowice
8%
96 Brzeźno
7%
18 Iłowa
7%
90 Kwidzyn
7%
66 Bielsk Podlaski
6%
37 Darłowo
6%
23 Myślibórz
6%
26 Myślibórz
6%
24 Skwierzyna
5%
34 Świebodzice
4%
38 Głubczyce
3%
56 Koronowo
3%
68 Koroszczyn
1%
Nie znaleziono quizów pasujących do podanych kryteriów
Rozkład punktacji
Procent ludzi z każdym wynikiem
Percentyl według liczby udzielonych odpowiedzi
Twoja historia wyników
Nie rozwiązałeś tego quizu od ostatniego zresetowania